Tratado de las sucesiones. Código Civil y Comercial de la Nación. Ley 26994 / Tomo II, Parte Especial :

Guardado en:
Autor Principal: Perez Lasala, José Luis.
Formato: Libro
Idioma:Spanish
Publicado: Santa Fe : Rubinzal-Culzoni, 2014.
Edición:1a. ed.
Materias:
Etiquetas: Agregar Etiqueta
Sin Etiquetas, Sea el primero en etiquetar este registro!
LEADER 00560nam a22001575a 4500
001 DER.der014534
008 191129s2014####ag#||||||||||||||#||spa||
005 20251209112130.0
245 1 0 |a Tratado de las sucesiones.  |n Tomo II,  |p Parte Especial :  |b Código Civil y Comercial de la Nación. Ley 26994 /  |c José Luis Pérez Lasala. 
250 |a 1a. ed. 
260 |a Santa Fe :  |b Rubinzal-Culzoni,  |c 2014. 
300 |a 895. 
020 |a 9789873005091 
100 1 |a Perez Lasala, José Luis. 
650 7 |a DERECHO DE FAMILIA 
859 |a DERECHO  |b BIB. DERECHO  |h 346.052  |i PER  |p 009815  |3 Tomo II